Estatísticas para Mapa da Austrália

Clique aqui para jogar o quiz

Estatísticas Gerais

  • Esse quiz foi jogado 4 950 vezes
  • A pontuação média é 4 de 8

Respostas no mapa

Respostas codificadas por cores de uma escala verde-vermelha no mapa do quiz de acordo com a % correta abaixo.
Carregando ...
 

Estatísticas das Respostas

Resposta% Correto
Tasmânia
68%
Austrália Ocidental
67%
Território da Capital
60%
Território do Norte
57%
Austrália Meridional
49%
Queensland
44%
Nova Gales do Sul
43%
Vitória
33%

Distribuição das Pontuações

Percentil de Números Respondidos

Porcentagem de Pessoas com Cada Pontuação

Sua Pontuação Histórica

Você não jogou esse quiz